Statistics for Largest Cities in Tennessee in 2030

Click here to take the quiz!

General Stats

  • This quiz has been taken 16 times
  • The average score is 14 of 20

Answer Stats

#Pop.City% Correct
6194,190Chattanooga
100%
4213,533Knoxville
100%
2580,608Memphis
100%
5197,042Murfreesboro
100%
1659,210Nashville
100%
3214,874Clarksville
87%
797,979Franklin
80%
878,098Johnson City
80%
1069,088Jackson
73%
1659,098Kingsport
73%
2051,153Cleveland
67%
1852,954Bartlett
53%
1952,326Collierville
53%
1168,624Smyrna
53%
1266,024Hendersonville
47%
1365,362Lebanon
47%
1560,636Columbia
40%
1461,710Gallatin
40%
973,804Spring Hill
40%
1754,032Mount Juliet
33%

Score Distribution

Percentile by Number Answered

Percent of People with Each Score

Your Score History

You have not taken this quiz